000 00853pam a2200265 a 4500
001 52206
003 BD-RjUL
005 20211209075752.0
008 1609 s2003 dcua b o000 0 eng
020 _a0821351729
035 _a(BD-RjUL)52326
040 _aDLC
_cDLC
_dDLC
_dBD-RjUL
_beng
041 _aeng
082 _223
_a338.47378098
_bWOC 2003
110 1 _aWorld Bank
_9156474
245 1 0 _aClosing the gap in education and technology /
_cWorld Bank ; by David de Ferranti ... [et al.].
260 _aWashington, D.C. :
_bWorld Bank,
_cc2003.
300 _axii, 216 p. :
_bill. ;
_c28 cm.
504 _aIncludes bibliography
650 0 _aEducational tecnology
_9156154
650 0 _aEducation Media
_9156155
700 1 _aDe Ferranti, David
_9156156
830 0 _aWorld Bank Latin American and Caribbean studies
_9156157
942 _2ddc
_cBK
999 _c52206
_d52206